Ekonomi swadaja, membangun daerah untuk kemakmuran bangsa; (Record no. 85722)

MARC details
000 -LEADER
fixed length control field 00760cam a22002411 4500
001 - CONTROL NUMBER
control field sa 68014361
003 - CONTROL NUMBER IDENTIFIER
control field DLC
005 - DATE AND TIME OF LATEST TRANSACTION
control field 20260227112630.0
008 - FIXED-LENGTH DATA ELEMENTS--GENERAL INFORMATION
fixed length control field 800214s1968 io b 00000 ind
010 ## - LIBRARY OF CONGRESS CONTROL NUMBER
LC control number sa 68014361 //r852
025 ## - OVERSEAS ACQUISITION NUMBER
Overseas acquisition number PL480:Indo-8118
043 ## - GEOGRAPHIC AREA CODE
Geographic area code a-io---
050 0# - LIBRARY OF CONGRESS CALL NUMBER
Classification number HC448.S78
Item number Y37
082 ## - DEWEY DECIMAL CLASSIFICATION NUMBER
Classification number 330.9/598/4
100 10 - MAIN ENTRY--PERSONAL NAME
Personal name Yasni, Zainul.
245 10 - TITLE STATEMENT
Title Ekonomi swadaja, membangun daerah untuk kemakmuran bangsa;
Remainder of title dengan case study Sulawesi Selatan.
260 0# - PUBLICATION, DISTRIBUTION, ETC.
Place of publication, distribution, etc. Djakarta,
Name of publisher, distributor, etc. "Bulan Bintang"
Date of publication, distribution, etc. [1968]
300 ## - PHYSICAL DESCRIPTION
Extent 185 p.
Dimensions 21 cm.
502 ## - DISSERTATION NOTE
Dissertation note Dissertasi--Universitas Hasanuddin.
504 ## - BIBLIOGRAPHY, ETC. NOTE
Bibliography, etc. note Bibliography: p. 183-185.
500 ## - GENERAL NOTE
General note "Dalil-dalil": 6 p. inserted.
651 #0 - SUBJECT ADDED ENTRY--GEOGRAPHIC NAME
Geographic name Sulawesi Selatan (Indonesia)
General subdivision Economic conditions.

No items available.

Powered by Koha